Thư xin việc và câu hỏi phỏng vấn việc làm tiếng Anh ( song ngữ ) : Thư xin việc, sơ yếu lí lịch, mẫu đơn xin việc, câu hỏi phỏng vấn, hướng dẫn trả lời câu hỏi khó, các cuộc phỏng vấn mẫu, những mục thông báo tuyển nhân viên
Nội dung giới thiệu về các kĩ năng viết thư xin việc, sơ yếu lí lịch, mẫu đơn xin việc. Câu hỏi phỏng vấn được sưu tập, trích dịch từ các bản câu hỏi phỏng vấn của các công ty nước ngoài tại Việt Nam, hướng dẫn trả lời những câu ho...
Na minha lista:
| Autor principal: | |
|---|---|
| Formato: | Livro |
| Idioma: | Undetermined |
| Publicado em: |
Thành phố Hồ Chí Minh
Thanh niên
2008
|
| Assuntos: | |
| Tags: |
Adicionar Tag
Sem tags, seja o primeiro a adicionar uma tag!
|
| Thư viện lưu trữ: | Trung tâm Học liệu Trường Đại học Cần Thơ |
|---|
| LEADER | 01479nam a2200229Ia 4500 | ||
|---|---|---|---|
| 001 | CTU_158971 | ||
| 008 | 210402s9999 xx 000 0 und d | ||
| 020 | |c 35000 | ||
| 082 | |a 428.24 | ||
| 082 | |b Kh107 | ||
| 100 | |a Nguyễn, Trùng Khánh | ||
| 245 | 0 | |a Thư xin việc và câu hỏi phỏng vấn việc làm tiếng Anh ( song ngữ ) : | |
| 245 | 0 | |b Thư xin việc, sơ yếu lí lịch, mẫu đơn xin việc, câu hỏi phỏng vấn, hướng dẫn trả lời câu hỏi khó, các cuộc phỏng vấn mẫu, những mục thông báo tuyển nhân viên | |
| 245 | 0 | |c Nguyễn Trùng Khánh | |
| 260 | |a Thành phố Hồ Chí Minh | ||
| 260 | |b Thanh niên | ||
| 260 | |c 2008 | ||
| 520 | |a Nội dung giới thiệu về các kĩ năng viết thư xin việc, sơ yếu lí lịch, mẫu đơn xin việc. Câu hỏi phỏng vấn được sưu tập, trích dịch từ các bản câu hỏi phỏng vấn của các công ty nước ngoài tại Việt Nam, hướng dẫn trả lời những câu hỏi khó, các cuộc phỏng vấn mẫu, những mục thông báo tuyển nhân viên. | ||
| 650 | |a English language,Anh ngữ | ||
| 650 | |x Textbooks for foreign speakers,Sách dùng cho người nước ngoài | ||
| 904 | |i Qhieu | ||
| 980 | |a Trung tâm Học liệu Trường Đại học Cần Thơ | ||